WWE - William Regal's PPV Opponents - Statistics

General Stats
  • This quiz has been taken 346 times
  • The average score is 46 of 66
Answer Stats
Year Event Match Type Opponent % Correct
2001 WrestleMania X-Seven Chris Jericho
93%
2001 Backlash Duchess Of Queensbury Rules Match Chris Jericho
93%
2001 Insurrextion Chris Jericho
93%
2002 Armageddon 4-Team Elimination Match Chris Jericho
93%
2001 Vengeance Edge
93%
2002 Royal Rumble Edge
93%
2002 No Way Out Brass Knuckles on a Pole Match Edge
93%
2002 Armageddon 4-Team Elimination Match Christian
90%
2005 New Year's Revolution Tag Team Match Christian
90%
2009 SummerSlam Christian
90%
2009 Breaking Point Christian
90%
2009 Survivor Series 5 vs. 5 Elimination Match Christian
90%
2002 Unforgiven 8-Man Tag Team Match Kane
89%
2003 No Way Out Tag Team Match Kane
89%
2002 Vengeance Jeff Hardy
85%
2006 Armageddon 4-Team Ladder Match Jeff Hardy
85%
2006 Armageddon 4-Team Ladder Match Matt Hardy
83%
2008 Survivor Series 5 vs. 5 Elimination Match Matt Hardy
83%
2009 Extreme Rules Fatal 4-Way Match Matt Hardy
83%
2002 WrestleMania X8 Rob Van Dam
83%
2003 No Way Out Tag Team Match Rob Van Dam
83%
2002 Unforgiven 8-Man Tag Team Match Booker T
82%
2002 Armageddon 4-Team Elimination Match Booker T
82%
2002 Unforgiven 8-Man Tag Team Match Bubba Ray Dudley
81%
2002 Armageddon 4-Team Elimination Match Bubba Ray Dudley
81%
2003 Royal Rumble Tag Team Match Bubba Ray Dudley
81%
2002 Armageddon 4-Team Elimination Match D-Von Dudley
81%
2003 Royal Rumble Tag Team Match D-Von Dudley
81%
2002 Insurrextion Spike Dudley
81%
2006 No Mercy Chris Benoit
79%
2002 Unforgiven 8-Man Tag Team Match Goldust
76%
2002 Armageddon 4-Team Elimination Match Goldust
76%
2004 Unforgiven Tag Team Match Batista
71%
2008 Survivor Series 5 vs. 5 Elimination Match Batista
69%
2008 Survivor Series 5 vs. 5 Elimination Match CM Punk
67%
2004 Unforgiven Tag Team Match Ric Flair
67%
2001 Rebellion Tajiri
67%
2001 Survivor Series Tajiri
67%
1998 Survivor Series X-Pac
67%
2006 The Great American Bash Finlay
65%
2008 Survivor Series 5 vs. 5 Elimination Match Kofi Kingston
65%
2009 Extreme Rules Fatal 4-Way Match Kofi Kingston
65%
2009 Survivor Series 5 vs. 5 Elimination Match Kofi Kingston
65%
2000 Survivor Series Hardcore Holly
62%
2000 Armageddon Hardcore Holly
62%
2009 Survivor Series 5 vs. 5 Elimination Match Mark Henry
61%
2009 Extreme Rules Fatal 4-Way Match MVP
61%
2009 Survivor Series 5 vs. 5 Elimination Match MVP
61%
2000 Rebellion Crash Holly
60%
2006 Armageddon 4-Team Ladder Match Joey Mercury
55%
2006 Armageddon 4-Team Ladder Match Paul London
55%
2006 Armageddon 4-Team Ladder Match Johnny Nitro
54%
2006 Armageddon 4-Team Ladder Match Brian Kendrick
53%
2005 Armageddon 2-on-1 Handicap Match Bobby Lashley
52%
2001 Judgment Day Rikishi
52%
2005 New Year's Revolution Tag Team Match Tyson Tomko
51%
2001 Invasion Raven
45%
2005 Backlash Tag Team Turmoil Match Rob Conway
45%
2008 Survivor Series 5 vs. 5 Elimination Match R-Truth
45%
2009 Survivor Series 5 vs. 5 Elimination Match R-Truth
45%
2005 Backlash Tag Team Turmoil Match Sylvain Grenier
43%
2000 No Mercy Naked Mideon
35%
2005 Backlash Tag Team Turmoil Match Maven
33%
2005 Backlash Tag Team Turmoil Match Simon Dean
27%
2005 Backlash Tag Team Turmoil Match Romeo
26%
2005 Backlash Tag Team Turmoil Match Antonio
25%
No matching quizzes found
Score Distribution
Percent of People with Each Score
Percentile by Number Answered
Your Score History
You have not taken this quiz